000 00350nam a2200145Ia 4500
008 240624s9999 xx 000 0 und d
041 _aeng
082 _a346.07 DAT
100 _aDATEY V S
245 _aSTUDENTS GUIDE TO CORPORATE LAWS AND SEC
250 _a(7th ed.)
260 _c2004
_aNew Delhi
_bTaxmann
300 _aI-63, : 799
365 _cRS
999 _c1518
_d1518